Score 0/22 Timer 04:00
1 Play Today
Lyrics Missing Word % Correct
Well I don't know why I came here tonight, I got the feelin' that somethin' ain't ____...right
83%
What you gon' do with all that junk? All that junk inside your ____...trunk
82.8%
She's into superstitions black cats and ____ dolls...voodoo
80%
Somebody once told me the world is gonna roll me; I ain't the ____ tool in the shed...sharpest
79%
I saw her today at the reception, A glass of ____ in her hand...wine
73.5%
It's close to midnight and something evil's lurking in the ____...dark
69.6%
How many roads must a man walk down, before you call him a ____...man
69.3%
Would you know my ____ If I saw you in heaven will it be the same, if I saw you in heaven...name
68.5%
All around me are familiar faces, worn out ____, worn out faces...places
59.8%
I hopped off the plane at ____ with a dream and my cardigan...LAX
57.1%
You put the boom-boom into my ____. You send my soul sky high when your lovin' starts...heart
56%
Lyrics Missing Word % Correct
His palms are sweaty. Knees weak, arms are heavy. There's vomit on his sweater already - Mom's ____...spaghetti
52.5%
Buddy you're a boy make a big ____ playin' in the street, gonna be a big man some day...noise
51.9%
Harry ____, Doris Day, Red China, Johnnie Ray...Truman
38.8%
Maybe I need some rehab, Or maybe just need some ____...sleep
34.7%
She doesn't own a ____, her hair is always a mess, you catch her stealin' she won't confess, she's beautiful...dress
32.2%
How many special people ____? How many lives are living strange? Where were you while we were getting high?...change
31.5%
Deep down in Louisiana close to New Orleans, way back up in the woods among the ____...evergreens
31%
Flew in from ____ Beach BOAC, didn't get to bed last night...Miami
29%
Someday, when I'm awfully ____, when the world is cold, I will feel a glow...low
27.6%
Man it's a hot one. Like seven ____ from the midday sun...inches
27.1%
Out here in the fields, I fight for my ____, I get my back into my living...meals
26.4%

Today's Daily Dose

Missing Word
Lizzo Songs

Get the Picture
The Longest Rivers

Remove Ads.
Support Sporcle.
Get the best of Sporcle when you Go Orange. This ad-free experience offers more features, more stats, and more fun while also helping to support Sporcle. Thank you for becoming a member.

You're not logged in!

Compare scores with friends on all Sporcle quizzes.
OR
Log In

Show Comments

Extras

Top Quizzes Today


Score Distribution

Your Account Isn't Verified!

In order to create a playlist on Sporcle, you need to verify the email address you used during registration. Go to your Sporcle Settings to finish the process.

Report this User

Report this user for behavior that violates our Community Guidelines.

Details: